Statistiques concernant Pays Utilisant Le Peso Comme Monnaie

Cliquez ici pour prendre le quiz!

Statistiques générales

  • Ce quiz a été pris 24 fois
  • Le résultat moyen est 6 sur 8

Statistiques - réponses

Réponse% Correct
Argentine
90%
Mexique
90%
Colombie
85%
Chili
80%
Uruguay
80%
Cuba
60%
République Dominicaine
50%
Les Philippines
15%

Distribution des résultats

Percentile par nombre de réponses

% des personnes avec chaque résultat

Votre développement - résultats

Vous n’avez pas pris ce quiz